[Event "10th LCC FIDE Open 2018"]
[Site "London"]
[Date "2018.12.13"]
[Round "5"]
[White "Hunt, Harriet V"]
[Black "Dahl, Baard"]
[Result "1-0"]
[WhiteElo "2440"]
[BlackElo "2097"]
[Annotator "TA"]
[PlyCount "91"]
[EventDate "2018.12.09"]
[EventType "swiss"]
[EventCountry "ENG"]
[SourceTitle "playchess.com"]
[Source "ChessBase"]
[SourceQuality "1"]

{[%evp 13,91,12,11,5,14,22,42,41,29,13,40,11,8,-14,0,-17,1,-3,-10,-7,7,-3,31,11,30,23,46,25,34,30,29,16,12,11,50,0,62,49,53,37,86,71,142,150,134,138,136,140,127,0,118,122,221,204,292,16,27,17,83,53,122,97,254,124,133,106,81,34,307,294,387,378,491,489,1016,910,2066,1536,29991,29992]} 1. e4 e5 2. Nf3 Nc6 3. Bb5 Nf6 4. d3 Bc5 5. Bxc6 dxc6 6. Nbd2 {[%cal Bb1d2,Bd2b3,Bb3a5][%mdl 32] C65: Ruy Lopez: Berlin Defence (3...Nf6), unusual lines and 4 0-0 Bc5} Be6 7. Qe2 (7. O-O Nd7 8. Nb3 Bb6 9. Ng5 Bxb3 10. axb3 f6 11. Nf3 Nf8 12. Nd2 Qd7 13. Nc4 Ne6 {½-½ (54) Saric,I (2689)-Caruana,F (2827) Batumi 2018}) 7... Nd7 {LiveBook: 24 Games} 8. O-O {The position is equal.} O-O $146 ({Predecessor:} 8... Qe7 9. Nb3 Bd6 10. Ng5 Nf8 11. Nxe6 Nxe6 12. Na5 b6 13. Nc4 b5 14. Nxd6+ Qxd6 {0-1 (71) Gajwa,A (2238)-Laxman,R (2438) New Delhi 2018}) 9. Nb3 Bd6 10. Na5 Rb8 11. Be3 c5 12. a4 f6 13. c3 Qe8 14. Nh4 g6 15. Rfe1 Rf7 16. Nf3 Re7 17. Nd2 Bf7 18. Qf3 Kg7 19. Nac4 b6 20. Qh3 h5 21. Qf3 Nf8 22. d4 $36 {[%mdl 2048] White has good play.} cxd4 23. cxd4 Nd7 24. Rac1 exd4 (24... Bxc4 $11 25. Nxc4 Bb4) 25. Nxd6 $14 cxd6 26. Bxd4 Ne5 27. Qa3 Rbb7 (27... g5 $142) 28. f4 $16 Nc6 29. Bf2 ({Worse is} 29. Qxd6 Re6 $17) 29... d5 {[%cal Rd5e4]} 30. Qc3 {Bh4 is the strong threat.} Rbc7 {[%cal Rd5e4]} 31. e5 (31. Bh4 $1 $16 {[%cal Rh4f6]} d4 32. Qf3) 31... fxe5 (31... Nxe5 $1 $11 32. Qxc7 Rxc7 33. Rxc7 Qb8) 32. fxe5 {Black must now prevent e6+.} d4 (32... Kg8 $16) 33. Qg3 $1 $18 {And now e6! would win.} ({Inferior is} 33. Bxd4 Qd8 $11) 33... Bd5 {[#]} (33... Be6 {keeps fighting.} 34. Ne4 Nb4 35. Rxc7 (35. Bxd4 Rxc1 36. Rxc1 Qxa4 $16) 35... Rxc7) 34. Qh4 $2 (34. e6 $1 $18 {[%mdl 512]}) 34... Kh7 $11 35. Bxd4 g5 (35... Rcd7 $11 {keeps the balance.}) 36. Qf2 Rf7 (36... Rcd7 $14) 37. Qe3 {Strongly threatening Ne4.} Rf4 $2 {[#]} (37... Nxd4 $16 {is a better defense.} 38. Qxd4 Rxc1 39. Rxc1 Qe6) 38. Bc3 (38. Bxb6 $1 $18 {[%mdl 512] is the precise move to win.} Rg7 (38... axb6 39. Qd3+) 39. Qd3+ Qg6 40. Qxd5) 38... Qe6 39. Qd3+ Kh6 40. Nf1 {[%cal Bd2f1,Bf1e3,Be3f5][%mdl 32]} Rxa4 $2 {[%mdl 8192]} ({Black should try} 40... Rd7 $1 $14 41. Rcd1 Ne7) 41. Rcd1 $18 Ne7 42. Ne3 {[%cal Re3d5]} Bb3 43. Qd6 Qxd6 (43... Rc5 $142 44. Qxe6+ Bxe6) 44. exd6 ({Not} 44. Rxd6+ Kg7 $18) 44... Bxd1 45. dxc7 {Intending Nf5+! and mate.} Bb3 46. Nf5+ {[%mdl 64] Promotion. Accuracy: White = 39%, Black = 24%.} 1-0

[Event "10th LCC FIDE Open 2018"]
[Site "London"]
[Date "2018.12.13"]
[Round "5"]
[White "Hebden, Mark L"]
[Black "Melkumyan, Hrant"]
[Result "1/2-1/2"]
[WhiteElo "2425"]
[BlackElo "2670"]
[Annotator "TA"]
[PlyCount "71"]
[EventDate "2018.12.09"]
[EventType "swiss"]
[EventCountry "ENG"]
[SourceTitle "playchess.com"]
[Source "ChessBase"]
[SourceQuality "1"]

{[%evp 31,71,0,0,0,5,0,0,0,0,0,0,0,12,19,28,35,60,51,65,27,39,30,25,28,42,42,82,42,41,44,48,8,8,0,0,0,0,0,0,0,0,0]} 1. d4 d5 2. c4 e6 3. Nc3 Nf6 4. Bg5 Bb4 5. Nf3 dxc4 6. e4 c5 7. Bxc4 cxd4 8. Nxd4 Bxc3+ 9. bxc3 Qa5 10. Bxf6 Qxc3+ 11. Kf1 gxf6 12. Rc1 Qa5 13. h4 Nc6 14. Nxc6 bxc6 15. Rh3 Ke7 16. Rd3 Rd8 {LiveBook: 21 Games. D39: Queen's Gambit Declined: Ragozin Defence with 5 Bg5 dxc4} 17. e5 fxe5 18. Rxd8 Qxd8 19. Qa4 $146 ({Predecessor:} 19. Qf3 Qd6 20. Qe3 Rb8 21. Qg5+ Kf8 22. Qh6+ Ke8 23. Qxh7 Rb2 24. Qg8+ Ke7 25. Qg5+ Kf8 26. Be2 Qd2 {½-½ (26) Gormally,D (2425)-Wells,P (2530) London 1997}) 19... Qd6 20. Be2 Bd7 21. Rd1 Qc5 22. Qg4 {[#] Strongly threatening Qg5+.} h6 23. Qg7 e4 24. Qxh6 e3 25. fxe3 (25. Qf4 {seems wilder.} Rh8 26. h5 Be8 27. fxe3 Qf5 28. Qxf5 exf5 29. Kf2) 25... Qe5 26. Qf4 Qxf4+ 27. exf4 $11 {[%mdl 4096] Endgame KRB-KRB} Rb8 28. h5 c5 29. Kf2 f5 30. h6 Bc6 31. Bf3 Bxf3 {The position is equal.} 32. Kxf3 Rh8 33. Rc1 Rxh6 34. Rxc5 Kd6 35. Ra5 Rh7 36. Ra6+ {Accuracy: White = 60%, Black = 67%.} 1/2-1/2

[Event "10th LCC FIDE Open 2018"]
[Site "London"]
[Date "2018.12.13"]
[Round "5"]
[White "Gilevych, Artem"]
[Black "Yuffa, Daniil"]
[Result "0-1"]
[WhiteElo "2409"]
[BlackElo "2572"]
[Annotator "TA"]
[PlyCount "108"]
[EventDate "2018.12.09"]
[EventType "swiss"]
[EventCountry "ENG"]
[SourceTitle "playchess.com"]
[Source "ChessBase"]
[SourceQuality "1"]

{[%evp 16,108,58,14,36,23,30,27,30,23,31,25,33,-39,-38,-26,-25,-53,-32,-56,-27,-31,-35,-44,-44,-45,-44,-37,-11,-90,-81,-83,-82,-78,-37,-136,-108,-146,-98,-279,-278,-268,-289,-265,-282,-249,-224,-231,-192,-170,-170,-205,-192,-183,-134,-130,-27,-73,-1,-1,-2,-27,-27,-27,-27,-27,-27,-52,-50,-56,-36,-54,-8,-20,-8,-12,-12,-14,-16,-15,-8,-625,-583,-493,-343,-5081,-5081,-5081,-5081,-8633,-7248,-4914,-4618,-29971,-29971]} 1. Nf3 c5 2. c4 Nc6 3. Nc3 g6 4. e3 d6 5. d4 {[%cal Bd2d4,Bd4d5][%mdl 32]} Bg7 6. Be2 Nf6 7. d5 Na5 8. O-O O-O 9. Qc2 {LiveBook: 4 Games} Bg4 {E61: King's Indian: Early deviations for White, including Smyslov System} (9... e5 10. e4 Ne8 11. a3 b6 12. b4 Nb7 13. Ne1 Bd7 14. Nd3 cxb4 15. axb4 a5 16. Be3 Rc8 17. Qb3 Qc7 18. Rfc1 axb4 {½-½ (18) Velten,P (2310)-Marzolo,C (2441) San Sebastian 2012}) 10. Bd2 $146 ({Predecessor:} 10. Nd2 Bxe2 11. Nxe2 b5 12. e4 bxc4 13. Nxc4 Nxc4 14. Qxc4 Rb8 15. Qc2 Nd7 16. Rb1 f5 17. Nf4 {½-½ (36) Gyorke,Z (2215)-Ivan,A (2299) Hungary 2003}) 10... e6 11. dxe6 Bxe6 {White has an edge.} 12. b3 Nc6 13. Rad1 Qe7 14. Ne4 (14. e4 $14) 14... Nxe4 $15 15. Qxe4 a5 16. h4 h6 17. a4 Ra6 18. Qc2 Bf5 19. Bd3 Bg4 20. Be4 Re8 21. Bd5 {next Qxg6 is good for White.} Bf5 22. Qc1 (22. e4 $11 Bxe4 23. Bxe4 Qxe4 24. Qc1) 22... Rb6 $36 {[%cal Ba6b6,Bb6b3,Bb3g3][%mdl 2080] White is under strong pressure.} 23. e4 Bg4 $1 {[%cal Rg4f3]} ({Wrong is} 23... Bxe4 $2 24. Bxe4 Rxb3 25. Bxc6 $18) 24. Bxh6 Bxf3 25. Bg5 {[#]} (25. Bxg7 $1 $15 Kxg7 26. Bxc6 bxc6 27. Qc3+ Qf6 28. Qxf3) 25... Qd7 $1 {[%cal Rd7g4] ( -> ...Qg4)} 26. gxf3 Rxb3 27. Bxc6 $2 (27. Kg2 $17) 27... bxc6 $19 ({Resist} 27... Qxc6 28. Be3 $17) 28. Qf4 Be5 29. Qg4 Qxg4+ 30. fxg4 Bd4 31. Rfe1 Rg3+ 32. Kf1 Rxg4 33. Rxd4 cxd4 34. f3 {[#]} Rxg5 $1 35. hxg5 {[%mdl 4096] Endgame KR-KR} Rb8 (35... Kf8 $17 {And now ...Rb8 would win.} 36. Rb1 Ke7 37. Rb7+ Ke6) 36. e5 $11 {[#]} dxe5 ({Better is} 36... d5 $1 $17 {[%cal Rd5c4]} 37. cxd5 cxd5) 37. Rxe5 Rb4 38. Rc5 Rxa4 39. Ke2 Ra3 40. Rxc6 Kf8 41. Rd6 Re3+ 42. Kf2 Re5 43. f4 Rc5 (43... Re4 {with more complications.} 44. Kf3 Re3+ 45. Kf2 Ke7 46. Ra6 Ra3) 44. Rxd4 Ke7 45. Ke3 Rc6 46. f5 gxf5 47. Rd5 Ra6 48. Kf4 $2 {[%mdl 8192]} (48. Rxf5 $11 a4 49. Rf2) 48... a4 $19 {[%cal Ba5a4,Ba4a3][%mdl 32]} 49. Re5+ Kd6 50. Rxf5 $2 (50. Rd5+ Ke7 51. Re5+ Kd7 52. Rd5+ Ke7) 50... Ra7 51. Rd5+ Kc6 52. Kf5 a3 53. Rd1 Kc5 54. Rc1 Ra6 {Accuracy: White = 46%, Black = 58%.} 0-1

[Event "10th LCC FIDE Open 2018"]
[Site "London"]
[Date "2018.12.13"]
[Round "5"]
[White "Piesik, Piotr"]
[Black "Janik, Igor"]
[Result "1/2-1/2"]
[WhiteElo "2404"]
[BlackElo "2476"]
[Annotator "TA"]
[PlyCount "84"]
[EventDate "2018.12.09"]
[EventType "swiss"]
[EventCountry "ENG"]
[SourceTitle "playchess.com"]
[Source "ChessBase"]
[SourceQuality "1"]

{[%evp 18,84,41,37,54,44,101,35,127,92,143,123,121,108,94,52,51,61,102,0,0,0,0,0,0,0,0,0,0,0,0,0,0,-18,0,0,0,0,0,0,0,0,0,0,37,16,14,17,37,28,49,52,33,31,118,19,10,0,8,8,8,8,58,45,51,13,8,0,43]} 1. c4 Nf6 2. Nc3 e6 3. Nf3 b6 4. g3 Bb7 5. Bg2 c5 6. O-O Nc6 7. d4 Nxd4 8. Nxd4 Bxg2 9. Kxg2 cxd4 10. Qxd4 {LiveBook: 41 Games} Rc8 {A30: Symmetrical English: Double Fianchetto and Hedgehog} 11. Bf4 Rc5 $146 (11... Be7 $14) ({Predecessor:} 11... Bc5 12. Qd3 O-O 13. Rad1 h6 14. e4 d6 15. b3 e5 16. Be3 Rc6 17. Qe2 a6 18. Rd3 {½-½ (56) Andersson,U (2630)-Larsen,B (2565) Bugojno 1984}) 12. Rac1 ({White should try} 12. Rfd1 $16) 12... Rh5 (12... Be7 $14) 13. Bd6 Qa8+ (13... Bxd6 $142 14. Qxd6 Rc5) 14. Kg1 Qc6 15. Bxf8 Rxf8 16. f3 Ke7 17. Rfd1 Rc8 18. Nb5 (18. b4 $16) 18... Qc5 $11 19. Qxc5+ ({But not} 19. Nxa7 $2 Qxd4+ 20. Rxd4 Rc7 $19) 19... Rhxc5 20. Nxa7 {[#] Black must now prevent b4.} Ra8 21. Nb5 Rxa2 22. Nc3 Ra8 23. b3 Ra3 24. Rd3 d5 25. Rcd1 Kf8 26. Na4 Rc6 27. Nb2 Ra2 28. R1d2 Ke7 29. Kf2 g5 30. cxd5 exd5 31. Nd1 Rxd2 $1 32. Rxd2 {[%mdl 4096] Endgame KRN-KRN} Rc1 33. Ne3 Kd6 34. Nc4+ Kc5 35. Ne5 {[#] Threatens to win with Nd3+.} Rc3 (35... Kb4 $1 $14) 36. Nxf7 (36. g4 $16) 36... g4 37. Ng5 gxf3 38. exf3 Rxb3 39. Ne6+ Kc4 (39... Kd6 $5 {[%cal Rd6e6]} 40. Nf4 b5 $11) 40. g4 Rd3 $1 {[%cal Rd3d2]} 41. Rc2+ Rc3 42. Rd2 Rd3 $1 {Accuracy: White = 51%, Black = 47%.} 1/2-1/2

[Event "10th LCC FIDE Open 2018"]
[Site "London"]
[Date "2018.12.13"]
[Round "5"]
[White "Eggleston, David J"]
[Black "Woong, Zhi Wei William"]
[Result "0-1"]
[WhiteElo "2397"]
[BlackElo "2146"]
[Annotator "TA"]
[PlyCount "94"]
[EventDate "2018.12.09"]
[EventType "swiss"]
[EventCountry "ENG"]
[SourceTitle "playchess.com"]
[Source "ChessBase"]
[SourceQuality "1"]

{[%evp 18,94,36,31,54,11,33,40,32,37,45,-4,-5,-6,12,-3,0,-6,-2,-26,-20,-35,-41,-31,-3,-15,0,0,0,-2,71,67,52,-39,-35,-56,-57,-104,-34,-24,0,-250,30,36,147,140,139,-40,0,-2,99,103,103,103,99,0,0,-30,-30,-29989,-16,-511,-516,-499,-500,-29985,0,-29986,-29987,-29987,-29988,-29988,-29989,-29989,-29990,-29990,-29991,-29991,-29992]} 1. e4 c5 2. Nf3 e6 3. d4 cxd4 4. Nxd4 a6 5. Nc3 Qc7 6. Bd3 Nc6 7. Nxc6 dxc6 8. Be3 e5 9. O-O Nf6 {B43: Sicilian: Kan Variation: 5 Nc3} 10. Na4 {LiveBook: 11 Games} Be6 11. Nc5 $146 ({Predecessor:} 11. c4 Be7 12. c5 Rd8 13. Qc2 Ng4 14. Bc1 O-O 15. h3 Nf6 {½-½ (42) Eggleston,D (2409)-Hillarp Persson,T (2541) St Clement Bay 2018}) 11... Bxc5 {The position is equal.} (11... Bc8 {is interesting.} 12. h3 Be7 13. Rc1 O-O 14. c4 b6) 12. Bxc5 b6 13. Be3 c5 14. c4 O-O 15. Qe2 Bc8 16. Bd2 Bg4 17. Qe3 Rad8 {White must now prevent ...Qd6.} 18. Bc3 Nh5 19. Rfe1 Nf4 20. Bf1 f6 21. b4 Rd7 22. h3 Bh5 23. a4 {[%cal Ba2a4,Ba4a5][%mdl 32]} Rfd8 (23... a5 $11 24. bxc5 bxc5) 24. a5 $1 $16 Rd3 25. Bxd3 ({White should try} 25. Qc1 $1 $14) 25... Rxd3 $15 26. Qc1 {White wants to play Qb2.} bxa5 {aiming for ...Qc8.} 27. bxc5 (27. Rxa5 $2 Qd7 $19) 27... Qd7 (27... Qxc5 $17 28. Bd2 Ne2+ 29. Rxe2 Bxe2) 28. c6 $1 {[%cal Rc6d7]} (28. Rxa5 $2 Nxg2 $1 {[%mdl 512]} 29. Rxa6 Nxe1 $19) 28... Qxc6 29. Ra2 $2 {[#]} (29. Qb2 $11 {and White has nothing to worry.}) 29... Qxc4 $2 (29... Bf3 $1 $19 {[%mdl 512]} 30. Rd2 (30. gxf3 $2 Qe8 $19) 30... Bxg2 31. Rxd3 Nxd3) 30. Rc2 $11 Ne2+ (30... Qe6 $14 31. Bxa5 Nxh3+ 32. Kh2 (32. gxh3 Qxh3 33. Rc8+ Kf7 $11) 32... Nf4 33. Rc8+ Be8) 31. Rexe2 $16 Bxe2 32. Bd2 $2 (32. Be1 $1 $16 Qxe4 33. Rc8+ Kf7 34. Qc7+ Ke6 35. Re8+ Kf5 36. Qxg7) 32... Qb3 ({Avoid the trap} 32... Qxe4 $2 33. Rc8+ Kf7 34. Qc7+ Kg6 35. Rg8 $18) 33. Kh2 {Strongly threatening Rc7.} Rd8 (33... Rd7 $11) 34. Bxa5 Rd1 35. Rc8+ {[%mdl 1024] White has strong compensation.} Kf7 36. Qc7+ ({Better is} 36. Rc7+ $1 $16 Kg6 37. Qc5) 36... Kg6 $11 37. Rb8 Qc4 $36 {[%mdl 2048] Black fights for an advantage.} 38. Qe7 $2 {[%mdl 8192]} (38. Rb7 $11 Qxc7 39. Rxc7) 38... Qxe4 $2 (38... Qc1 $1 {mates} 39. Qe8+ Kh6 40. Bd2+ Qxd2 41. Rb3 Qf4+ 42. Rg3 Qxf2 43. Rxg7 Kxg7 44. Qe7+ Kg6 45. Qa3 Bd3 46. Qb2 Qxb2 47. h4 Bxe4 48. h5+ Kxh5 49. Kh3 Qxg2#) 39. Rb4 $2 {[%mdl 8192] [#]} (39. Rb3 $1 $11 Bd3 40. Qe8+ Kh6 41. Bb6) 39... Bc4 $1 $19 40. Qe8+ Kh6 {( -> ...Qf4+)} 41. Bb6 (41. Rxc4 $19 Qxc4 42. Bb6) 41... Qf4+ 42. g3 {[#]} Qf3 $1 {[%csl Gd1][%cal Rf3h1] Black mates.} 43. Be3+ g5 44. Bxg5+ Kxg5 {[%cal Rf3f2]} 45. h4+ Kh6 {[%csl Gd1][%cal Rf3h1]} 46. Qf8+ Kg6 {[%csl Gd1][%cal Rf3h1]} 47. Qe8+ Bf7 {Accuracy: White = 31%, Black = 41%.} 0-1

[Event "10th LCC FIDE Open 2018"]
[Site "London"]
[Date "2018.12.13"]
[Round "5"]
[White "Lewtak, Damian"]
[Black "Venkataramanan, T.S."]
[Result "1-0"]
[WhiteElo "2393"]
[BlackElo "2253"]
[Annotator "TA"]
[PlyCount "49"]
[EventDate "2018.12.09"]
[EventType "swiss"]
[EventCountry "ENG"]
[SourceTitle "playchess.com"]
[Source "ChessBase"]
[SourceQuality "1"]

{[%evp 19,49,-26,0,-3,10,12,8,-5,0,0,0,0,0,0,0,-7,30,22,50,14,44,0,0,-17,-20,-16,0,0,676,664,872,877]} 1. c4 e6 2. Nf3 d5 3. e3 Nf6 4. b3 Be7 5. Bb2 c5 6. g3 Nc6 7. Bg2 d4 8. exd4 cxd4 9. d3 O-O 10. O-O Ne8 {LiveBook: 13 Games. A14: English Opening: 1...e6 with b3 by White} (10... e5 11. a3 a5 12. Nbd2 Bf5 13. Re1 Nd7 14. Ne4 Bg6 15. h4 h6 16. Rc1 f5 17. Ned2 Nc5 18. Nxe5 Nxe5 19. Rxe5 Nxd3 {1-0 (32) Vachier Lagrave,M (2779)-Dominguez Perez,L (2739) chess.com INT 2018}) 11. Ba3 f6 12. Bxe7 $146 Qxe7 {The position is equal.} 13. a3 a5 14. Nbd2 Nc7 15. Ne1 {[%cal Bf3e1,Be1c2,Bc2d4][%mdl 32]} e5 16. Nc2 Bf5 17. Qe2 Kh8 18. f4 Qe6 19. Rae1 {[%cal Ba1e1,Be1e5,Be5e4][%mdl 32]} Rae8 20. fxe5 Nxe5 21. Nxd4 Qb6 22. Rxf5 {Hoping for Qf2.} Ne6 23. Qf2 $1 Nxd4 $4 {[%mdl 8192] [#]} (23... Qxd4 $11 24. Rexe5 fxe5 25. Qxd4 Nxd4 26. Rxf8+ Rxf8 27. Bxb7 Rb8) 24. Rexe5 $1 $18 {[%mdl 512]} Rd8 (24... Rxe5 25. Rxe5) 25. Re4 {Accuracy: White = 55%, Black = 39%.} 1-0

[Event "10th LCC FIDE Open 2018"]
[Site "London"]
[Date "2018.12.13"]
[Round "5"]
[White "Lacasa Diaz, Jose Antonio"]
[Black "Akash Pc, Iyer"]
[Result "0-1"]
[WhiteElo "2389"]
[BlackElo "2441"]
[Annotator "TA"]
[PlyCount "96"]
[EventDate "2018.12.09"]
[EventType "swiss"]
[EventCountry "ENG"]
[SourceTitle "playchess.com"]
[Source "ChessBase"]
[SourceQuality "1"]

{[%evp 17,96,-68,-59,-74,-69,-60,-75,-56,-54,-38,-49,-150,-108,-112,-100,-114,-101,-105,-93,-110,-99,-101,-86,-119,-104,-150,-117,-131,-121,-122,-117,-121,-127,-141,-128,-160,-167,-167,-160,-172,-165,-194,-150,-212,-195,-221,-233,-232,-191,-185,-186,-202,-185,-390,-139,-234,-237,-250,-233,-216,-223,-187,-125,-176,-116,-114,-114,-114,-112,-139,-128,-185,-185,-1400,-1342,-1040,-1012,-29979,-29978,-5716,-5028]} 1. d4 Nf6 2. Bf4 g6 3. Nc3 d5 4. e3 Bg7 5. h4 c6 6. h5 {A45: Trompowsky Attack} Nxh5 7. Rxh5 gxh5 8. Qxh5 Nd7 {[%cal Bb8d7,Bd7f6,Bf6h5,Bh5g3][%mdl 32]} 9. Bd3 Nf6 {LiveBook: 3 Games} 10. Qh2 h5 $146 ({Predecessor:} 10... Bg4 11. Be5 {1-0 (71) Wei,Y (2707)-Tomashevsky,E (2716) Doha 2016}) 11. f3 h4 12. O-O-O Nh5 13. Bc7 Qd7 14. e4 (14. Kb1 $15) 14... dxe4 15. Bxe4 Ng3 ({Weaker is} 15... Bxd4 16. Be5 $16) 16. Bxg3 hxg3 17. Qxg3 Bh6+ ({Stronger than} 17... Bxd4 18. Nge2 $16) 18. Kb1 Qd6 $1 {[%cal Rd6g3]} 19. Qf2 Bd7 20. d5 c5 $36 {[%mdl 2048] Black is in control.} 21. Nge2 O-O-O 22. f4 Bg7 23. Bf3 f5 24. Qe3 Rhe8 25. Qd3 Kb8 26. Bh5 Rh8 27. Bf3 e5 28. fxe5 Bxe5 29. Qc4 Bf6 30. g3 (30. Nb5 $17 Bxb5 31. Qxb5) 30... Be5 31. Nf4 Rdg8 32. Nce2 Qb6 {[%csl Ge5][%cal Rb6b2]} 33. Nd3 Bd6 $1 34. Qc3 Re8 35. Nef4 $2 {[#]} (35. Ndf4) 35... Rhg8 $2 (35... c4 $1 $19 {[%cal Rc4d3][%mdl 512] has better winning chances.} 36. Qxc4 Re3) 36. Nh5 {[#]} (36. Ne6 $17) 36... Re3 $1 $19 37. Nf6 Rd8 {[%cal Bg8d8,Bd8d7,Bd7h7][%mdl 32]} 38. Nxd7+ Rxd7 39. Rf1 Qb5 (39... Rc7 $19 40. Qc4 Rh7) 40. b3 {[#]} (40. Qh8+ $17 Kc7 41. Qc3) 40... Be5 $1 {[%mdl 512]} 41. Qxc5 (41. Nxe5 Qxf1+) 41... Qxc5 42. Nxc5 Rh7 43. Kc1 Bxg3 44. d6 (44. Nd3 $17 {was called for.}) 44... Bxd6 45. Nxb7 $2 (45. Nd3) 45... Ba3+ 46. Kd2 f4 {( -> ...Rd7+)} 47. Bd5 Rh2+ 48. Kd1 Ree2 {Accuracy: White = 33%, Black = 78%.} 0-1

[Event "10th LCC FIDE Open 2018"]
[Site "London"]
[Date "2018.12.13"]
[Round "5"]
[White "Milliet, Sophie"]
[Black "Haribalu, V.."]
[Result "1/2-1/2"]
[WhiteElo "2376"]
[BlackElo "2208"]
[Annotator "TA"]
[PlyCount "114"]
[EventDate "2018.12.09"]
[EventType "swiss"]
[EventCountry "ENG"]
[SourceTitle "playchess.com"]
[Source "ChessBase"]
[SourceQuality "1"]

{[%evp 17,114,11,18,7,41,31,56,97,65,93,62,38,53,0,0,-12,17,0,0,0,22,21,19,16,68,81,114,60,121,15,108,110,141,142,166,86,167,165,193,78,79,89,79,83,81,90,93,79,85,82,166,152,224,213,349,175,184,166,164,160,138,91,122,37,37,12,12,0,0,0,0,0,0,0,8,0,8,0,8,0,8,8,8,8,8,8,8,0,73,75,442,0,0,0,0,0,0,0,0]} 1. e4 g6 2. d4 Bg7 3. Nc3 c5 4. d5 d6 5. Nf3 Nf6 6. Be2 O-O 7. O-O e6 8. Bg5 h6 {A43: Schmid Benoni} 9. Bh4 g5 {LiveBook: 9 Games} 10. dxe6 $146 ({Predecessor:} 10. Nxg5 hxg5 11. Bxg5 Qb6 12. Qd3 Nh7 13. Bd2 Nd7 14. Kh1 Ne5 15. Qg3 Qxb2 16. f4 Qxc2 {0-1 (31) Le Roux,J (2571)-Shoker,S (2489) Le Port Marly 2013}) 10... gxh4 11. exf7+ $1 Kxf7 12. Bc4+ Be6 13. Bxe6+ Kxe6 14. Nxh4 Kf7 15. Nf5 ({White should play} 15. Nb5 $1 $14) 15... Nc6 $11 16. Nb5 Kg8 17. Nxg7 Kxg7 18. Nxd6 Kh7 19. f4 $36 {[%mdl 2048] White wants to play e5. Black is under pressure.} Ne8 20. Nf5 Qxd1 (20... Ng7 $11) 21. Raxd1 $14 Rf7 22. c3 ({White should try} 22. Ne3 $16) 22... Rb8 (22... Nf6 $14) 23. Rd3 (23. Ne3 $16) 23... Ng7 (23... Nf6 $1 $11) 24. Ne3 $16 {[%mdl 1024] White has strong compensation.} Ne6 25. g3 $1 Rd8 26. Rfd1 (26. Rxd8 $18 Nexd8 27. Rd1) 26... Rg8 (26... Rxd3 $16 27. Rxd3 Nc7) 27. Kh1 $18 Nxf4 28. gxf4 (28. Rd7 $1 $18 {[%cal Rd7f7] and the rest is easy.} Rgg7 29. Rxf7 Rxf7 30. Rf1 {[%mdl 64] Pin} (30. gxf4 Rxf4 31. Rd7+ Kg6 $14)) 28... Rxf4 $16 29. Rd7+ Rg7 30. Nf5 Rxd7 31. Rxd7+ {[%mdl 4096] Endgame KRN-KRN} Kg6 32. Ne7+ (32. Rg7+ {is interesting.} Kf6 33. Rxb7 Ne5 34. Nxh6 Kg6 35. Re7) 32... Nxe7 33. Rxe7 {KR-KR} Rf2 (33... Kf6 $16 {was necessary.} 34. Rxb7 Rxe4) 34. Rxb7 $18 Kf6 {[#]} (34... Kg5 $16 35. a4 (35. Rxa7 Rxb2 36. Rc7 Rxa2 $11) 35... a5) 35. a4 $1 (35. Rxa7 Rxb2 36. a4 Ke5 $14) 35... c4 (35... Ke5 {keeps fighting.} 36. a5 (36. Rxa7 Rxb2 37. Re7+ Kf4 $14) 36... Kxe4) 36. Rxa7 (36. Kg1 $142 Rc2 37. Rxa7) 36... Rxb2 37. Rc7 Ra2 38. Rxc4 Ke5 39. Rc6 Rxa4 {[#]} 40. Rxh6 ({Better is} 40. Kg2 $1 $16) 40... Ra2 $1 $14 41. h4 {Black must now prevent Rc6.} Kf4 $1 42. h5 (42. Kg1 {feels hotter.} Rc2 43. Rc6 Kg3 44. Kf1 Kxh4 45. Ke1) 42... Kg5 $1 {[%cal Rg5h6]} 43. Rh8 (43. Rg6+ {keeps more tension.} Kxh5 44. Rg2 Ra1+ 45. Kh2 Kh4 46. Rc2) 43... Rc2 44. Kg1 Rxc3 45. Kf2 Rh3 46. h6 Kg6 47. Ke2 Kf6 48. Kd2 Kg6 49. Rd8 {Hoping for Rd3.} Kg5 50. Rg8+ Kf4 51. Rh8 {h7 is the strong threat.} Kg5 $1 52. Ke2 Kg6 (52... Kf6 $11) 53. Kf2 $16 Kf6 $2 {[%mdl 8192]} (53... Kg5 $16 {is a better chance.}) 54. e5+ $2 (54. Kg2 $18 Rh5 55. Kg3) 54... Kxe5 $11 {The position is equal.} 55. Kg2 Rh5 56. Kg3 {Threatens to win with Kg4.} Kf5 57. h7 Kg6 {Accuracy: White = 36%, Black = 36%.} 1/2-1/2